000 00904cam a2200265 a 4500
999 _c6892
_d6892
001 3032389
003 GBCCL
005 20241126110614.0
008 950222s1995 nyuab 001 0 eng
010 _a 95010117
040 _aDLC
_cDLC
_dDLC
050 0 0 _aAG243
_b.R337 1995
082 0 0 _a031.02
_220
_bREA
245 0 0 _aReader's digest book of facts.
246 3 0 _aBook of facts
260 _aPleasantville, N.Y. :
_bReader's Digest Association,
_cc1985.
300 _a432 p. :
_bill. (some col.), col. maps ;
_c29 cm.
500 _aIncludes index.
650 0 _aCuriosities and wonders.
_912309
710 2 _aReader's Digest Association.
_96294
730 0 _aReader's digest.
_95151
906 _a7
_bcbc
_corignew
_d1
_eocip
_f19
_gy-gencatlg
942 _2ddc
_cREF